Swizzels Quiz Stats

 Plays Quiz not verified by Sporcle

Also try: 'AC' Words
Challenge
Share
Tweet
Score 0/9 Timer 03:00
0 Plays Today
% Correct
Squashies
100%
Love Hearts
50%
Parma Violets
50%
Drumsticks
25%
Rainbow Drops
25%
Double Lollies
25%
Refreshers Fizzy Strawberry Pencils
0%
Fruity Pop
0%
Vimto Chew Bars
0%

You're not logged in!

Compare scores with friends on all Sporcle quizzes.
Join for Free
OR
Log In

You Might Also Like...

Show Comments

Extras

Created Jul 25, 2017ReportNominate

Top Quizzes Today


Score Distribution

Your Account Isn't Verified!

In order to create a playlist on Sporcle, you need to verify the email address you used during registration. Go to your Sporcle Settings to finish the process.

Report this User

Report this user for behavior that violates our Community Guidelines.

Details: